000 00604nam a2200193Ia 4500
005 20260429112312.0
008 260429s9999||||xx |||||||||||||| ||und||
020 _a9783031679254
041 _aEnglish
082 _a338.9
_bMIS
100 _aMissaglia, Marco
245 0 _aIntroduction to development economics :
_ban alternative approach to growth, sustainability and cooperation /
_cMarco Missaglia
260 _aSwitzerland :
_bPalgrave Macmillan,
_c2025.
300 _axxvii, 278 p.; pbk
650 _a Development economics
650 _aEconomics
700 _a Vaggi, Gianni
942 _cTB
999 _c53384
_d53384